Mashriq key battey behnazir bhutto,an auto biograogy (Record no. 583656)

000 -LEADER
fixed length control field 00483nam a22001697a 4500
003 - CONTROL NUMBER IDENTIFIER
control field CEME
005 - DATE AND TIME OF LATEST TRANSACTION
control field 20210628210217.0
008 - FIXED-LENGTH DATA ELEMENTS--GENERAL INFORMATION
fixed length control field 210201b xxu||||| |||| 00| 0 eng d
040 ## - CATALOGING SOURCE
Transcribing agency .
082 ## - DEWEY DECIMAL CLASSIFICATION NUMBER
Classification number 923.25491 BOK
100 ## - MAIN ENTRY--PERSONAL NAME
Personal name Sajjad Bokhari
9 (RLIN) 78546
245 ## - TITLE STATEMENT
Title Mashriq key battey behnazir bhutto,an auto biograogy
260 ## - PUBLICATION, DISTRIBUTION, ETC.
Place of publication, distribution, etc. ISLAMABAD
Name of publisher, distributor, etc. MASAWAT PUBLICATION
Date of publication, distribution, etc. 1995
300 ## - PHYSICAL DESCRIPTION
Extent 620P
650 ## - SUBJECT ADDED ENTRY--TOPICAL TERM
Topical term or geographic name entry element BENAZIR BHUTTO-AUTO BIOGRAPHY.DAUGHTER OF THE EAST
9 (RLIN) 78547
942 ## - ADDED ENTRY ELEMENTS (KOHA)
Koha item type Book
Source of classification or shelving scheme
Holdings
Withdrawn status Lost status Damaged status Not for loan Permanent Location Current Location Shelving location Date acquired Total Checkouts Full call number Barcode Date last seen Price effective from Koha item type
        College of Electrical & Mechanical Engineering (CEME) College of Electrical & Mechanical Engineering (CEME) General Stacks 03/02/2017   923.25491 BOK CEME-39849 06/28/2021 06/28/2021 Book
© 2023 Central Library, National University of Sciences and Technology. All Rights Reserved.